000 00375 a2200169 4500
001 69177
020 _a8502018280
040 _cAnchieta - Itaigara
100 _aAlbergaria, Lino de
240 1 0 _aCaderno de segredos
_lpor
245 1 0 _aCaderno de segredos
300 _a71
362 0 _a1999
440 1 _aSaraiva
650 4 _aLiteratura infanto-juvenil
942 _cBK
999 _c69177
_d69177